NLSUI OPAC header image

India's five year plans Complete documents : First five year plan 1951 - 1956 to tenth five year plan 2002 - 2007 (Record no. 20916)

MARC details
000 -LEADER
fixed length control field 01123nam a2200217Ia 4500
003 - CONTROL NUMBER IDENTIFIER
control field OSt
005 - DATE AND TIME OF LATEST TRANSACTION
control field 20210913160957.0
008 - FIXED-LENGTH DATA ELEMENTS--GENERAL INFORMATION
fixed length control field 160316s2003 xxu||||| |||| 00| 0 eng d
020 ## - INTERNATIONAL STANDARD BOOK NUMBER
International Standard Book Number 8171883001
040 ## - CATALOGING SOURCE
Transcribing agency .
082 ## - DEWEY DECIMAL CLASSIFICATION NUMBER
Classification number 338.9 IND
Item number IND
100 ## - MAIN ENTRY--PERSONAL NAME
Personal name
245 ## - TITLE STATEMENT
Title India's five year plans Complete documents : First five year plan 1951 - 1956 to tenth five year plan 2002 - 2007
260 ## - PUBLICATION, DISTRIBUTION, ETC.
Place of publication, distribution, etc. New Delhi
Name of publisher, distributor, etc. Planning Commission, Government of India
Date of publication, distribution, etc. 2003
300 ## - PHYSICAL DESCRIPTION
Extent 222p
365 ## - TRADE PRICE
Price amount Rs.795
505 ## - FORMATTED CONTENTS NOTE
Formatted contents note Contents;<br/>Volume I;<br/>Dimensions & Strategies;<br/>1. Perspective, Objectives and Strategy ;<br/>2. Macroeconomic Dimensions;<br/>3. Public Sector Plan : Resources and Allocations <br/>4. External Sector Dimensions <br/>5. Employment Perspective <br/>6. Governance and Implementation <br/>7. Disaster Management : The Development Perspective <br/>8. Policy Imperatives and Programmatic Initiatives.<br/>
650 ## - SUBJECT ADDED ENTRY--TOPICAL TERM
Topical term or geographic name entry element 1. Economic Development - Tenth Five Year Plan - India - 1951 - 20012. Economic Planning - India - 1951-1956 - 2002-20073. Economic Policy - Progamming - Development - India
700 ## - ADDED ENTRY--PERSONAL NAME
Personal name
--
942 ## - ADDED ENTRY ELEMENTS (KOHA)
Source of classification or shelving scheme Dewey Decimal Classification
Koha item type BOOKs
Holdings
Withdrawn status Lost status Damaged status Not for loan Home library Current library Shelving location Date acquired Cost, normal purchase price Total Checkouts Full call number Barcode Date last seen Price effective from Koha item type
        NLS NLS NAB Compactor 30/05/2017 795.00   338.9 IND 18838 30/05/2017 30/05/2017 BOOKs